Pays écrits avec un clavier de Téléphone - Difficile - Statistiques

Statistiques générales
  • Ce quiz a été pris 41 fois
  • Le résultat moyen est 7 sur 12
Statistiques - réponses
Pays Codé Pays % Correct
372623 France
94%
787743 Russie
76%
24454 Chili
74%
226232 Canada
71%
3772463 Espagne
71%
5267 Laos
68%
6626 Oman
59%
93636 Yémen
59%
6678343 Norvège
50%
784773 Suisse
50%
74454774638 Philippines
38%
2242627 Bahamas
26%
Aucun quiz correspondant
Distribution des résultats
% des personnes avec chaque résultat
Percentile par nombre de réponses
Votre historique - résultats
Vous n’avez pas pris ce quiz